The Witcher - Statistics

General Stats
  • This quiz has been taken 668 times
  • The average score is 9 of 20
Answer Stats
Hint Answer % Correct
Main Character Geralt of Rivia
100%
Friend of Main Character (Bard) Dandelion
77%
Friend of Main Character (Mage) Triss Merigold
75%
Friend of Main Character (Dwarf) Zoltan
70%
Emperor of Nilfgaard Emhyr var Emreis
62%
King of Temeria King Foltest
62%
Blue Stripes Leader Vernon Roche
56%
Enemy Witcher Letho
53%
Creator of the Witcher Andrzej Sapkowski
52%
Large winged fire-breather Dragon
49%
Water Monsters Drowners
45%
Creators of the Witcher games CD Projekt Red
41%
King of Kaedwen King Henselt
32%
Leader of those elves Iorveth
28%
King of Aedirn King Demavend
24%
Elves near Flotsam Scoia'tael
22%
Mayor of Flotsam Loredo
13%
Large burning Tree Boss Draug
9%
Arachinid-like Monsters Endrega
8%
Necrophange Humans Rotfiends
5%
No matching quizzes found
Score Distribution
Percent of People with Each Score
Percentile by Number Answered
Your Score History
You have not taken this quiz